• 首页
  • 本馆介绍
  • 公告通知
  • 最新文献
  • 馆藏检索
  • 电子资源
  • 读者导购
  • 参考咨询
  • 我的图书馆
  • 登录
  • 详细信息显示
  • 放入我的书架
  • 预约/预借图书
  • 作者相关作品
  • 分类相关作品
  • 丛书相关作品
  • 出版社相关作品

书目信息

  • 表格格式
  • 工作单格式
  • 卡片格式
题名:
读词常识
    
 
作者: 陈振寰 著
分册:  
出版信息: 上海   上海古籍出版社  1985
页数: 135页, [2] 页图版
开本: 18cm
丛书名: 中国古典文学基本知识丛书
单 册:
中图分类: I2-51 , I207.23
科图分类: 43.237
主题词: 词(文学)--基本知识
电子资源:
ISBN: 10186.574
000 00817oam2 2200277 450
001 000286821
005 20120905085459.0
010    @a10186.574@dCNY0.77
091    @a10186.574@dCNY0.77
100    @a20120905d1985 ekmy0chiy0121 ea
101 0  @achi
102    @aCN@b310000
105    @ah z 000yy
106    @ar
200 1  @a读词常识@9Dou;Du Ci Chang Shi;Zhi @f陈振寰著
210    @a上海@c上海古籍出版社@d1985
215    @a135页, [2] 页图版@c摹真@d18cm
225 2  @a中国古典文学基本知识丛书@9zhong guo gu dian wen xue ji ben zhi shi cong shu
461  0 @12001 @a中国古典文学基本知识丛书
606 0  @a词(文学)@x基本知识
690    @aI2-51@v3
690    @aI207.23@v3
692    @a43.237
701  0 @a陈振寰@9chen zhen huan@4著
801  0 @aCN@bAzMarc@c20130904
905    @aBZT@dI2-51@e6@f1@sI2-51/6
    
    读词常识/陈振寰著.-上海:上海古籍出版社,1985
    135页, [2] 页图版:摹真;18cm.-(中国古典文学基本知识丛书)
    
    
    ISBN 10186.574:CNY0.77
    
●
相关链接 在五车中查询图书 在当当中查询图书 在豆瓣中查询图书


正题名:读词常识     索取号:I2-51/6         预约/预借

序号 登录号 条形码 馆藏地/架位号 状态 备注
山东省滨州职业学院图书馆 欢迎您!
大连网信软件有限公司© 版权所有